Sedmkrát upadnout, osmkrát vstát / Naoki Higašida ; přeložila Anna Křivánková
Record details
- ISBN: 978-80-7432-923-4
- ISBN: 978-80-88290-06-3
- Physical Description: 181 stran ; 20 cm
- Edition: Vydání první
- Publisher: Praha : Paseka : 2018
Content descriptions
| General Note: | Přeloženo z japonského originálu s přihlédnutím anglického překladu |
Search for related items by subject
| Genre: | vzpomínky úvahy reminiscences essays |
Available copies
- 1 of 1 copy available at Common Catalog SPOK.
Holds
- 0 current holds with 1 total copy.
Show Only Available Copies
| Location | Call Number / Copy Notes | Barcode | Shelving Location | Status | Due Date |
|---|---|---|---|---|---|
| Jabok Library | PeS-5.6
Pořízeno z projektu Škola jako místo, kde se vzdělává a žije: CZ.07.4.68/0.0/0.0/16_037/0000325
|
424480041712 | Odborná literatura | Available | - |
| LDR | 02364nam a2200661 i 4500 | ||
|---|---|---|---|
| 001 | 30840 | ||
| 003 | CZ-PrJAB | ||
| 005 | 20190206101834.0 | ||
| 007 | ta | ||
| 008 | 181114s2018 xr e 000 eacze | ||
| 015 | . | ‡acnb003011079 | |
| 020 | . | ‡a978-80-7432-923-4 ‡q(Paseka ; ‡qbrožováno) | |
| 020 | . | ‡a978-80-88290-06-3 ‡q(Pasparta ; ‡qbrožováno) : ‡cKč 229,00 | |
| 035 | . | ‡a(CZ PrNK)nkc20183011079 | |
| 035 | . | ‡a(OCoLC)1078646351 | |
| 040 | . | ‡aABA001 ‡bcze ‡erda | |
| 041 | 1 | . | ‡acze ‡keng ‡hjpn |
| 043 | . | ‡aa-ja--- | |
| 045 | . | ‡ax-y- | |
| 072 | 7. | ‡a616.89 ‡xPsychiatrie ‡2Konspekt ‡914 | |
| 072 | 7. | ‡a929 ‡xBiografie ‡2Konspekt ‡98 | |
| 080 | . | ‡a821.521-051 ‡2MRF | |
| 080 | . | ‡a316.344.6-056.36 ‡2MRF | |
| 080 | . | ‡a929 ‡2MRF | |
| 080 | . | ‡a616.896 ‡2MRF | |
| 080 | . | ‡a159.97 ‡2MRF | |
| 080 | . | ‡a316.728 ‡2MRF | |
| 080 | . | ‡a(520) ‡2MRF | |
| 080 | . | ‡a(0:82-94) ‡2MRF | |
| 080 | . | ‡a(0:82-4) ‡2MRF | |
| 100 | 1 | . | ‡aHigashida, Naoki, ‡d1992- ‡7xx0196269 ‡4aut |
| 240 | 1 | 0. | ‡aJiheishō no boku no nanakorobi yaoki. ‡lČesky |
| 245 | 1 | 0. | ‡aSedmkrát upadnout, osmkrát vstát / ‡cNaoki Higašida ; přeložila Anna Křivánková |
| 250 | . | ‡aVydání první | |
| 264 | 1. | ‡aPraha : ‡bPaseka : ‡bPasparta, ‡c2018 | |
| 300 | . | ‡a181 stran ; ‡c20 cm | |
| 336 | . | ‡atext ‡btxt ‡2rdacontent | |
| 337 | . | ‡abez média ‡bn ‡2rdamedia | |
| 338 | . | ‡asvazek ‡bnc ‡2rdacarrier | |
| 500 | . | ‡aPřeloženo z japonského originálu s přihlédnutím anglického překladu | |
| 600 | 1 | 7. | ‡aHigashida, Naoki, ‡d1992- ‡7xx0196269 ‡2czenas |
| 648 | 7. | ‡a20.-21. století ‡7ch462155 ‡2czenas | |
| 650 | 0 | 7. | ‡ajaponští spisovatelé ‡7ph121308 ‡y20.-21. století ‡2czenas |
| 650 | 0 | 7. | ‡aosoby s autismem ‡7ph323410 ‡zJaponsko ‡y20.-21. století ‡2czenas |
| 650 | 0 | 7. | ‡aautismus ‡7ph118685 ‡2czenas |
| 650 | 0 | 7. | ‡akaždodenní život ‡7ph121555 ‡2czenas |
| 650 | 0 | 9. | ‡aJapanese authors ‡y20th-21st centuries ‡2eczenas |
| 650 | 0 | 9. | ‡apeople with autism ‡zJapan ‡y20th-21st centuries ‡2eczenas |
| 650 | 0 | 9. | ‡aautism ‡2eczenas |
| 650 | 0 | 9. | ‡aeveryday life ‡2eczenas |
| 655 | 7. | ‡avzpomínky ‡7fd133830 ‡2czenas | |
| 655 | 7. | ‡aúvahy ‡7fd134000 ‡2czenas | |
| 655 | 9. | ‡areminiscences ‡2eczenas | |
| 655 | 9. | ‡aessays ‡2eczenas | |
| 700 | 1 | . | ‡aKřivánková, Anna, ‡d1982- ‡7jo2011555995 ‡4trl |
| 765 | 0 | 8. | ‡iNázev anglického překladu: ‡tFall down 7 times get up 8 ‡9Česky |
| 910 | . | ‡aABG312 | |
| 995 | . | ‡aska | |
| 901 | . | ‡a30840 ‡b ‡c30840 ‡tbiblio | |